000 00662nam a2200181 i 4500
001 26892
003 ES-MaACL
005 20230906153523.0
007 t|
008 030110s1883 sp |||| | spa d
100 1 _aArribas, Francisco Tiburcio.
_923287
245 1 4 _aLos dolores de María Santísima
_b: consideraciones y novena /
_cpor F. Tiburcio Arribas.
260 _aMadrid :
_bF. G. Ayuso,
_c[1883] (
_fEst. tip. de los Sucesores de Rivadeneyra)
300 _a131, VIII p. ;
_c15 cm.
597 _aLas VIII p. son de publicidad editorial de la Enciclopedia Católica.
600 0 4 _aVirgen María-
_xAdvocaciones.
_9115437
852 _aES-MaACL
_jT-405-F-6
999 _c26892
_d26892